CLINICAL PERIODONTOLOGY (Record no. 2862)

MARC details
000 -LEADER
fixed length control field 00350nam a2200145Ia 4500
008 - FIXED-LENGTH DATA ELEMENTS--GENERAL INFORMATION
fixed length control field 150201s2003 xx 000 0 und d
082 ## - DEWEY DECIMAL CLASSIFICATION NUMBER
Classification number 617.632
Item number C2003N
100 ## - MAIN ENTRY--PERSONAL NAME
Personal name NEWMAN,MICHAEL G.
245 ## - TITLE STATEMENT
Title CLINICAL PERIODONTOLOGY
250 ## - EDITION STATEMENT
Edition statement 9TH
260 ## - PUBLICATION, DISTRIBUTION, ETC. (IMPRINT)
Name of publisher, distributor, etc. SAUNDERS
Place of publication, distribution, etc. DELHI
Date of publication, distribution, etc. 2003
300 ## - PHYSICAL DESCRIPTION
Extent 1-1033
650 ## - SUBJECT ADDED ENTRY--TOPICAL TERM
Topical term or geographic name as entry element PERIODONTICS
942 ## - ADDED ENTRY ELEMENTS (KOHA)
Source of classification or shelving scheme Dewey Decimal Classification
Koha item type Books
Koha issues (borrowed), all copies 28
Holdings
Withdrawn status Lost status Source of classification or shelving scheme Damaged status Not for loan Home library Current library Date acquired Source of acquisition Cost, normal purchase price Serial Enumeration / chronology SGTU Bill Number Total Checkouts Full call number Barcode Date last seen Date last checked out Bill Date Koha item type
    Dewey Decimal Classification     SGT Dental Library SGT Dental Library 08/09/2003 U.B.S.DELHI 1650.00 1 SGTU 555 7 617.632 C2003N FD1580 02/06/2025 02/06/2025 01/03/2012 Books
    Dewey Decimal Classification     SGT Dental Library SGT Dental Library 08/09/2003 U.B.S.DELHI 1650.00 1 SGTU 555 19 617.632 C2003N FD1581 25/07/2025 25/07/2025 01/03/2012 Books
    Dewey Decimal Classification     SGT Dental Library SGT Dental Library 08/09/2003 U.B.S.DELHI 1650.00 1 SGTU 555 17 617.632 C2003N FD1582 08/07/2025 08/07/2025 01/03/2012 Books
    Dewey Decimal Classification     SGT Dental Library SGT Dental Library 08/09/2003 U.B.S.DELHI 1650.00 1 SGTU 555   617.632 C2003N FD1583 09/02/2015   01/03/2012 Books
    Dewey Decimal Classification     SGT Dental Library SGT Dental Library 08/09/2003 U.B.S.DELHI 1650.00 1 SGTU 555 7 617.632 C2003N FD1584 21/08/2024 21/08/2024 01/03/2012 Books